| RUSMARC |
| 000 | | | 03983nac2a22002413x 450 | | 001 | | | 778a4a5d-f197-4c9e-bb9c-f7cb2aa4376d | | 005 | | | 20190225120207.0 | | 100 | ## | $a | 20190110l 1919k y0rusy50 ca | | 101 | 0# | $a | rus | | 102 | ## | $a | RU | | 105 | ## | $a | y z ||||| | | 200 | 1# | $a | Агентурные сводки агентов М. В.Д. о политическом настроении и экономическом положении населения по губерниям и областям, занятым белыми, о выступлении красных партизан в Енисейской губернии, международном положении и др. | | | $h | Т. 3 | | | $j | 01 июня 1919 - 22 сентября 1919 | | 215 | ## | $a | 249 листов | | 251 | ## | $c | Дело | | 300 | ## | $a | В деле имеются телеграммы | | 300 | ## | $a | Листы: 1-2, 5, 7, 9-10, 15-25, 28-40, 42-55, 57-59, 63, 65, 68, 71, 73-77, 80, 84-89, 91-94, 96, 99-101, 107, 109, 112, 117, 125-126, 138, 141, 147, 150, 152, 156, 164, 167, 173, 184-186, 192, 205, 209, 215, 222, 229-234, 243-247, 249 | | 300 | ## | $a | Машинописный и рукописный текст | | 461 | #0 | $1 | 0010f0e3429-2e37-4fb4-ace0-6332d350a692 | | | $1 | 2001 | | | $a | Министерство внутренних дел Российского правительства. Омск | | | $1 | 251 | | | $c | Фонд | | | $1 | 852 | | | $j | 1700 | | | $g | Р | | 462 | #0 | $1 | 001d2ac6e62-fb44-46e1-ad2b-776ca68c2f82 | | | $1 | 2001 | | | $a | Дела распорядительной части. 1918-1920 гг. | | | $v | Д. 19 | | | $1 | 251 | | | $c | Опись | | | $1 | 852 | | | $j | 2 | | 601 | 02 | $3 | RU\NLR\AUTH\8810247804 | | | $a | Временное Сибирское правительство | | | $b | Министерство внутренних дел | | 801 | #0 | $a | RU | | | $b | GA_RF | | 801 | #1 | $a | RU | | | $b | ГлавНИВЦ | | | $c | 20190110 | | | $2 | rusmarc | | 801 | #2 | $a | RU | | | $b | ПБ им. Б.Н. Ельцина | | | $c | 20190225 | | | $g | RCR | | | $2 | rusmarc | | 852 | ## | $a | ГА РФ | | | $j | 19 | | 937 | ## | $d | 126047664 | | | $h | ПБ | | 035 | ## | $a | RuPRLIB51054456 | | 856 | ## | $u | http://readingroom.main.prlib.ru/item.aspx?id_node=n126047664&mode=full |
|